| 000 | 00646nam a22001457a 4500 | ||
|---|---|---|---|
| 003 | OSt | ||
| 005 | 20150909165522.0 | ||
| 008 | 150909b xxu||||| |||| 00| 0 eng d | ||
| 040 | _cRUA | ||
| 082 | _aAGR ជូ 1994 B010 Or.1 | ||
| 100 |
_9202 _aជូ វណ្ណៈ |
||
| 245 | _aការសិក្សាពីចំណូល និង ចំណាយថវិកាចំនួនម្ភៃគ្រួសារ នៅក្នុងខេត្តកណ្តាល ដើម្បីកំណត់ប្រភេទមួយក្នុងគំរោងថវិកាគ្រួសារ | ||
| 300 |
_a69 _bill _c29cm |
||
| 942 |
_2ddc _cAGR |
||
| 999 |
_c181 _d181 |
||